000 00435nam a2200121Ia 4500
008 160609s9999 xx 000 0 und d
100 _aHodges, Caroline E.M.
245 _aPublic Relations, Society & Culture: Theoretical And Empirical Explorations
245 _cBy:Caroline E. M. Hodges, Lee Edwards
260 _c2015
650 _xINTRODUCTION TO PUBLIC RELATIONS
856 _uhttp://file.ebook777.com/PubRelSoc&CulTheAndEmpExp.pdf
999 _c295626
_d295626